| 000 | 00000nam##2200000za#4500 |
| 001 | 9.581569 |
| 003 | CaOODSP |
| 005 | 20210624191558 |
| 007 | cr ||||||||||| |
| 008 | 150406|2015||||xxc|||||o f|0| 0 eng|d |
| 040 | |aCaOODSP|beng |
| 043 | |an-cn--- |
| 086 | 1 |aRv55-5/2-5-12-2015E-PDF |
| 110 | 2 |aCanada Border Services Agency. |
| 245 | 10|aTelephone reporting for general aviation and marine pleasure craft |h[electronic resource] |
| 260 | |bCanada Border Services Agency |
| 300 | |a8p. |
| 490 | 1 |aCustoms D memoranda. D2, International travel |vD2-5-12, February 26, 2015 |
| 590 | |a15-11|b2015-03-13 |
| 775 | 08|tDéclaration par téléphone dans les filières de l'aviation générale et de la navigation de plaisance |w(CaOODSP)9.608345 |
| 830 | #0|aCustoms D memoranda. D2, International travel ;|vD2-5-12, February 26, 2015|w(CaOODSP)9.816825 |
| 856 | 40|ahttp://publications.gc.ca|qPDF|s85 KB|uhttps://publications.gc.ca/collections/collection_2015/asfc-cbsa/Rv55-5-2-5-12-2015-eng.pdf|yD2-5-12, February 26, 2015 |